Les 50 plus grandes villes au Québec - Statistiques

Statistiques générales
  • Ce quiz a été pris 87 fois
  • Le résultat moyen est 22 sur 50
Statistiques - réponses
Villes Réponses % Correct
1 Montréal
100%
2 Québec
98%
3 Laval
89%
9 Trois-Rivières
83%
4 Gatineau
78%
6 Sherbrooke
73%
7 Lévis
68%
23 Rimouski
67%
8 Saguenay
65%
5 Longueuil
63%
14 Saint-Jérôme
56%
25 Victoriaville
54%
12 Brossard
52%
15 Drummondville
52%
10 Terrebonne
52%
35 Val-d'Or
52%
16 Granby
51%
13 Repentigny
49%
11 Saint-Jean-sur-Richelieu
48%
22 Shawinigan
48%
19 Saint-Hyacinthe
46%
18 Blainville
44%
40 Magog
44%
30 Boucherville
41%
29 Rouyn-Noranda
41%
37 Alma
40%
46 Sept-Îles
40%
36 Chambly
37%
34 Saint-Georges
37%
47 Belœil
35%
26 Saint-Eustache
33%
38 Sainte-Julie
32%
17 Mirabel
30%
31 Sorel-Tracy
29%
50 Varennes
29%
41 Boisbriand
27%
20 Mascouche
27%
45 Thetford Mines
27%
27 Vaudreuil-Dorion
25%
21 Châteauguay
24%
42 Sainte-Thérèse
24%
48 L'Assomption
22%
28 Salaberry-de-Valleyfield
22%
49 Saint-Lambert
21%
43 La Prairie
19%
24 Dollard-Des Ormeaux
16%
32 Côte-Saint-Luc
13%
39 Saint-Constant
13%
44 Saint-Bruno-de-Montarville
13%
33 Pointe-Claire
11%
Aucun quiz correspondant
Distribution des résultats
% des personnes avec chaque résultat
Percentile par nombre de réponses
Votre historique - résultats
Vous n’avez pas pris ce quiz